A kognitív tudomány esélyei
Elmentve itt :
| Szerző: | |
|---|---|
| Adatforrás: | Philobibl |
| Forrásdokumentuma: | Magyar Tudomány 2004:11. p. 1269-1276. |
| Dokumentumtípus: | Cikk |
| Nyelv: | magyar |
| Kulcsszavak: | tudományelmélet |
| LEADER | 00315nab a2200109 c 4500 | ||
|---|---|---|---|
| 001 | bibPHI0036737 | ||
| 005 | 20200924123712.7 | ||
| 008 | 100217s2004 hu hun | ||
| 100 | 1 | |a Boros János | |
| 245 | 1 | 2 | |a A kognitív tudomány esélyei |c Boros János |
| 695 | |a tudományelmélet | ||
| 773 | 0 | |t Magyar Tudomány |g 2004:11. p. 1269-1276. | |